000 00613nam a22001817a 4500
003 OSt
005 20250819051450.0
008 250819b |||||||| |||| 00| 0 eng d
020 _a0-7817-1742-6
040 _cOC
082 _aCirc. 610.73 C224n 1999
100 _aCarpenito, L.J.
245 _aNursing care plans & documentation:
_b nursing diagnoses & collaborative problems
260 _aPhiladelphia:
_bLippincott ;
_cc. 1999.
300 _axx, 825 pages ;
_c27 cm.
504 _aincludes appendix and index
942 _2ddc
_cBK-CIRC
_hCirc. 610.73 C224n 1999
_kCirc.
_n0
999 _c4063
_d4063